[Event "POL-chT blind"]
[Site "Wagrowiec"]
[Date "2017.10.20"]
[Round "7.7"]
[White "Szydlowski, Wiktor"]
[Black "Jagiela, Andrzej"]
[Result "1-0"]
[WhiteElo "1711"]
[BlackElo "1661"]
[PlyCount "64"]
[EventDate "2017.10.14"]
[EventType "team-tourn"]
[EventRounds "9"]
[EventCountry "POL"]
[SourceTitle "EXT 2019"]
[Source "ChessBase"]
[SourceDate "2018.10.10"]
[SourceVersion "1"]
[SourceVersionDate "2018.10.10"]
[SourceQuality "1"]

1. e4 d5 2. exd5 Nf6 3. Bb5+ Bd7 4. Be2 Nxd5 5. Nf3 Nc6 6. d4 a6 7. 0-0 e6 8. c3 Be7 9. Be3 0-0 10. Qc2 h6 11. Bc1 Bd6 12. Nbd2 Nf4 13. Bd1 Ng6 14. Ne4 Be7 15. Ng3 Na5 16. a3 Nc6 17. Be2 Bd6 18. Bd3 Nge7 19. Bd2 Nd5 20. Qc1 g5 21. Qd1 f5 22. h4 f4 23. Ne4 gxh4 24. Nh2 Nf6 25. Nxd6 cxd6 26. Bxf4 e5 27. Bxh6 Rf7 28. Bg5 Rg7 29. Bxh4 Bh3 30. Bg3 Be6 31. dxe5 Nxe5 32. Bc2 Qc7 1-0

[Event "POL-chT blind"]
[Site "Wagrowiec"]
[Date "2016.11.11"]
[Round "1.15"]
[White "Wolanski, Michal"]
[Black "Szydlowski, Wiktor"]
[Result "1-0"]
[WhiteElo "1954"]
[BlackElo "1781"]
[PlyCount "139"]
[EventDate "2016.11.11"]
[EventType "team-tourn"]
[EventRounds "9"]
[EventCountry "POL"]
[SourceTitle "EXT 2019"]
[Source "ChessBase"]
[SourceDate "2018.10.10"]
[SourceVersion "1"]
[SourceVersionDate "2018.10.10"]
[SourceQuality "1"]

1. c4 e5 2. Nc3 Nc6 3. Nf3 a6 4. g3 d6 5. Bg2 Nf6 6. d4 Be7 7. 0-0 0-0 8. a3 h6 9. b4 exd4 10. Nxd4 Nxd4 11. Qxd4 Rb8 12. Bb2 Be6 13. Nd5 Bxd5 14. Bxd5 Ne8 15. Qa7 Qc8 16. b5 Bf6 17. Rab1 Bxb2 18. Rxb2 axb5 19. cxb5 Nf6 20. Bf3 Nd7 21. Qd4 Qd8 22. a4 b6 23. Ra1 Qg5 24. h4 Qe5 25. Qxe5 Nxe5 26. Bd5 Nd7 27. Bc6 Ne5 28. Bg2 Nd7 29. a5 bxa5 30. Rxa5 c5 31. Ra7 Nb6 32. Bc6 Rfd8 33. Rba2 c4 34. Kf1 d5 35. e3 d4 36. exd4 Rxd4 37. Ke2 Kf8 38. Rd2 Rbd8 39. Rc2 Rb8 40. Rc3 Nd5 41. Rf3 Ne7 42. Bd7 Rd8 43. Bc6 Rd1 44. Rc3 R8d2+ 45. Kf3 Rd3+ 46. Rxd3 Rxd3+ 47. Ke2 Rd8 48. Ra4 c3 49. Rc4 c2 50. Rxc2 Nc8 51. Rd2 Rxd2+ 52. Kxd2 Ke7 53. Kd3 Kd6 54. Kc4 Nb6+ 55. Kd4 f6 56. Ke4 Ke6 57. Kf4 f5 58. h5 Nc8 59. Bg2 Nb6 60. Bb7 Kf6 61. Ke3 Ke5 62. Kd3 Kd6 63. Kd4 Nd7 64. Bc8 Nf6 65. Bxf5 Nxh5 66. Be4 Kc7 67. Ke5 Nf6 68. Kf5 h5 69. f3 Kd6 70. Kg6 1-0

[Event "Rowy op 09"]
[Site "Rowy"]
[Date "2012.09.??"]
[Round "4"]
[White "Pioch, Zygmunt"]
[Black "Szydlowski, Wiktor"]
[Result "1/2-1/2"]
[WhiteElo "2120"]
[BlackElo "1835"]
[PlyCount "76"]
[EventDate "2012.09.??"]
[EventType "swiss"]
[EventRounds "9"]
[EventCountry "POL"]
[SourceTitle "EXT 2014"]
[Source "ChessBase"]
[SourceDate "2013.11.20"]
[SourceVersion "1"]
[SourceVersionDate "2013.11.20"]
[SourceQuality "1"]

1. e4 e5 2. Nf3 Nc6 3. Bb5 Bc5 4. c3 Nf6 5. d3 d6 6. 0-0 0-0 7. h3 Ne7 8. d4 exd4 9. cxd4 Bb6 10. Nc3 c6 11. Bd3 Ng6 12. Re1 Re8 13. Bg5 h6 14. Be3 Bc7 15. Qc2 Nh5 16. e5 Ngf4 17. Be4 d5 18. Bxf4 Nxf4 19. Bh7+ Kh8 20. Bf5 Ne6 21. Qd2 Ba5 22. Rac1 Bb6 23. Bb1 Qe7 24. Qd3 g6 25. Qe3 Kg7 26. a3 Bd8 27. h4 Kh7 28. h5 Ng7 29. hxg6+ fxg6 30. Ne2 Rf8 31. Ng3 Bg4 32. Nh2 Qe6 33. Nxg4 Qxg4 34. Qd3 Ne6 35. Ne2 Bh4 36. g3 Rf3 37. Qxg6+ Qxg6 38. Bxg6+ Kxg6 1/2-1/2

[Event "Rowy op 09"]
[Site "Rowy"]
[Date "2012.09.??"]
[Round "1"]
[White "Szydlowski, Wiktor"]
[Black "Szynwelski, Ryszard"]
[Result "1/2-1/2"]
[WhiteElo "1835"]
[BlackElo "1414"]
[PlyCount "133"]
[EventDate "2012.09.??"]
[EventType "swiss"]
[EventRounds "9"]
[EventCountry "POL"]
[SourceTitle "EXT 2014"]
[Source "ChessBase"]
[SourceDate "2013.11.20"]
[SourceVersion "1"]
[SourceVersionDate "2013.11.20"]
[SourceQuality "1"]

1. e4 e5 2. Nf3 Nc6 3. d4 exd4 4. Bc4 h6 5. 0-0 Bc5 6. c3 d6 7. cxd4 Bb6 8. Nc3 a6 9. Re1 Bg4 10. Be3 Nge7 11. h3 Bh5 12. g4 Bg6 13. Nh4 Qd7 14. Nf5 Bxf5 15. exf5 f6 16. a3 Kd8 17. b4 d5 18. Bb3 Kc8 19. Qf3 Rd8 20. Rad1 Kb8 21. Ne2 Ka7 22. Nc3 h5 23. Na4 hxg4 24. hxg4 Rh8 25. Nc5 Qd8 26. Ne6 Qd7 27. Bf4 Rh7 28. Kg2 Rah8 29. Qc3 Ka8 30. a4 Rh4 31. f3 g6 32. a5 Ba7 33. Nxc7+ Kb8 34. Nxd5+ Ka8 35. Nc7+ Kb8 36. Nxa6+ Ka8 37. Nc7+ Kb8 38. b5 g5 39. Bg3 Rh3 40. Ne6+ Rxg3+ 41. Kxg3 Qd6+ 42. Kf2 Rh2+ 43. Ke3 Nb4 44. b6 Ned5+ 45. Bxd5 Nxd5+ 46. Kd3 Nxc3 47. bxa7+ Kxa7 48. Kxc3 Qa3+ 49. Kc4 Qa2+ 50. Kc5 Rc2+ 51. Kd6 Rc6+ 52. Ke7 Qh2 53. Kxf6 Qh6+ 54. Ke5 Qh8+ 55. Ke4 Qe8 56. Rb1 Ra6 57. Ra1 Qc6+ 58. Ke3 Qc3+ 59. Kf2 Qb2+ 60. Kg3 Qc3 61. Red1 Qb4 62. Rdb1 Qd6+ 63. Kg2 Qe7 64. Re1 Qb4 65. Rec1 Qd2+ 66. Kg3 Rc6 67. Rd1 1/2-1/2

[Event "Bialystok Zamenhof Memorial-B"]
[Site "Bialystok"]
[Date "2010.12.??"]
[Round "5"]
[White "Daciuk, Jaroslaw"]
[Black "Szydlowski, Wiktor"]
[Result "1-0"]
[WhiteElo "1554"]
[BlackElo "1865"]
[PlyCount "65"]
[EventDate "2010.12.27"]
[EventType "swiss"]
[EventRounds "9"]
[EventCountry "POL"]
[SourceTitle "EXT 2014"]
[Source "ChessBase"]
[SourceDate "2013.11.20"]
[SourceVersion "1"]
[SourceVersionDate "2013.11.20"]
[SourceQuality "1"]

1. c4 e5 2. Nc3 Nf6 3. Nf3 Nc6 4. g3 a6 5. Bg2 Bc5 6. 0-0 d6 7. a3 0-0 8. b4 Ba7 9. Bb2 Rb8 10. d3 h6 11. Rc1 Re8 12. Nd2 Qe7 13. Re1 Be6 14. e3 Qd7 15. Qc2 Nh7 16. Nd5 f5 17. Qc3 Nd8 18. Qc2 c6 19. Nc3 Rf8 20. Ne2 Nf7 21. d4 e4 22. Nf4 Nd8 23. Nxe6 Qxe6 24. d5 cxd5 25. cxd5 Qxd5 26. Nxe4 fxe4 27. Bxe4 Qf7 28. Bxh7+ Kh8 29. Rf1 Ne6 30. Qg6 Qe7 31. Qxh6 Ng5 32. Bb1+ Kg8 33. Ba2+ 1-0

[Event "Polanica Zdroj op-E 46th"]
[Site "Polanica Zdroj"]
[Date "2010.08.24"]
[Round "6"]
[White "Szydlowski, Wiktor"]
[Black "Kozicz, Andrzej"]
[Result "1/2-1/2"]
[WhiteElo "1865"]
[BlackElo "2018"]
[PlyCount "75"]
[EventDate "2010.08.19"]
[EventType "swiss"]
[EventRounds "10"]
[EventCountry "POL"]
[SourceTitle "CBM 138 Extra"]
[Source "ChessBase"]
[SourceDate "2010.10.29"]
[SourceVersion "1"]
[SourceVersionDate "2010.10.29"]
[SourceQuality "1"]

1. e4 c5 2. Nf3 a6 3. g3 d6 4. Bg2 e6 5. d4 cxd4 6. Nxd4 Nf6 7. 0-0 Qc7 8. c3 Be7 9. Nd2 0-0 10. Qc2 Nc6 11. N2b3 Bd7 12. h3 Rac8 13. Kh2 b5 14. f4 Nxd4 15. Nxd4 Qc4 16. Qb3 Qc7 17. Be3 Rfe8 18. Rac1 Bf8 19. g4 Kh8 20. g5 Ng8 21. Qd1 e5 22. fxe5 dxe5 23. Nc2 Be6 24. Nb4 Qb7 25. a3 Ne7 26. Qf3 Ng6 27. Qg3 Rcd8 28. Rcd1 Rxd1 29. Rxd1 Bb3 30. Rd2 Qc8 31. Qf2 Kg8 32. Nd5 Bxd5 33. Rxd5 Qe6 34. Bf3 Nf4 35. Bg4 Qg6 36. Bf5 Qh5 37. Bg4 Qg6 38. Bxf4 1/2-1/2

[Event "Polanica Zdroj op-E 46th"]
[Site "Polanica Zdroj"]
[Date "2010.08.22"]
[Round "4"]
[White "Niezgoda, Boleslaw"]
[Black "Szydlowski, Wiktor"]
[Result "1/2-1/2"]
[WhiteElo "1761"]
[BlackElo "1865"]
[PlyCount "30"]
[EventDate "2010.08.19"]
[EventType "swiss"]
[EventRounds "10"]
[EventCountry "POL"]
[SourceTitle "CBM 138 Extra"]
[Source "ChessBase"]
[SourceDate "2010.10.29"]
[SourceVersion "1"]
[SourceVersionDate "2010.10.29"]
[SourceQuality "1"]

1. e4 e5 2. Nf3 Nc6 3. c3 Nf6 4. Qc2 Bc5 5. b4 Bb6 6. Be2 d6 7. 0-0 a6 8. Bb2 0-0 9. d4 exd4 10. cxd4 Bg4 11. Rd1 Nxb4 12. Qc4 Nc6 13. e5 d5 14. Qc2 Ne4 15. h3 Bf5 1/2-1/2

[Event "Polanica Zdroj op-E 46th"]
[Site "Polanica Zdroj"]
[Date "2010.08.21"]
[Round "3"]
[White "Szydlowski, Wiktor"]
[Black "Wojtowicz, Mieczyslaw"]
[Result "1-0"]
[WhiteElo "1865"]
[BlackElo "1707"]
[PlyCount "68"]
[EventDate "2010.08.19"]
[EventType "swiss"]
[EventRounds "10"]
[EventCountry "POL"]
[SourceTitle "CBM 138 Extra"]
[Source "ChessBase"]
[SourceDate "2010.10.29"]
[SourceVersion "1"]
[SourceVersionDate "2010.10.29"]
[SourceQuality "1"]

1. e4 d6 2. d4 g6 3. Nf3 Bg7 4. Bc4 c6 5. Ng5 e6 6. 0-0 h6 7. Nf3 Nf6 8. e5 Nd5 9. Bxd5 cxd5 10. Bf4 g5 11. Bg3 Nc6 12. exd6 Bd7 13. c3 f5 14. Ne5 0-0 15. Nxc6 bxc6 16. Be5 Bxe5 17. dxe5 f4 18. Nd2 Rf5 19. Qh5 Kg7 20. Rfe1 Qe8 21. Qxe8 Rxe8 22. b4 g4 23. Nb3 h5 24. Nc5 Rd8 25. a4 Kf8 26. b5 cxb5 27. axb5 Rf7 28. Rxa7 Ke8 29. Rb1 Rc8 30. Rc7 Kd8 31. b6 h4 32. b7 Rb8 33. Na6 Be8 34. Rxf7 Bxf7 1-0